[Event "Fagernes op"]
[Site "Fagernes"]
[Date "2024.03.28"]
[Round "6"]
[White "Stai, Sondre"]
[Black "Akshit, Kumar J"]
[Result "0-1"]
[WhiteElo "1842"]
[BlackElo "2172"]
[PlyCount "80"]
[EventDate "2024.03.24"]
[EventType "swiss"]
[EventRounds "9"]
[EventCountry "NOR"]
[SourceTitle "CB14_2024"]
[SourceDate "2024.04.01"]
[SourceVersion "1"]
[SourceVersionDate "2024.04.01"]
[SourceQuality "1"]

1. e4 c5 2. Nc3 Nc6 3. Bb5 Nd4 4. Nf3 a6 5. Bd3 g6 6. Rb1 Nc6 7. a3 b5 8. 0-0 Bg7 9. Re1 d6 10. h3 Nf6 11. Bf1 0-0 12. d3 Bb7 13. g3 Rc8 14. Bg2 Nd7 15. Kh2 Nd4 16. Nh4 a5 17. Ne2 a4 18. f4 Qb6 19. b3 axb3 20. Nxd4 cxd4 21. cxb3 b4 22. a4 Rc7 23. Bd2 Ba6 24. Bf1 Rfc8 25. Rb2 e5 26. f5 Rc3 27. Bxc3 bxc3 28. Ra2 Nc5 29. fxg6 hxg6 30. Qf3 Qxb3 31. Rf2 c2 32. Rc1 Bxd3 33. Nf5 gxf5 34. exf5 Bxf1 35. Qg4 f6 36. h4 Nd3 37. h5 Nxf2 38. Qg6 Qf3 39. Rxf1 Ng4+ 40. Kh3 Qxf1+ 0-1

[Event "Fagernes op"]
[Site "Fagernes"]
[Date "2024.03.27"]
[Round "4"]
[White "Stai, Sondre"]
[Black "Fiskaaen, Martin Holten"]
[Result "0-1"]
[WhiteElo "1842"]
[BlackElo "2118"]
[PlyCount "76"]
[EventDate "2024.03.24"]
[EventType "swiss"]
[EventRounds "9"]
[EventCountry "NOR"]
[SourceTitle "CB14_2024"]
[SourceDate "2024.04.01"]
[SourceVersion "1"]
[SourceVersionDate "2024.04.01"]
[SourceQuality "1"]

1. e4 c5 2. Nc3 Nc6 3. Bb5 Nd4 4. Nf3 a6 5. Bd3 g6 6. Rb1 Bg7 7. b4 cxb4 8. Rxb4 Nc6 9. Rb1 Nf6 10. 0-0 0-0 11. Re1 d6 12. a4 Rb8 13. h3 Qa5 14. Bb2 Nd7 15. Bf1 Nde5 16. Nxe5 Bxe5 17. Nd5 Bxb2 18. Rxb2 Qxa4 19. Nb6 Qa5 20. c3 Be6 21. Qb1 Qg5 22. Re3 f5 23. exf5 Bxf5 24. Qa2+ Kh8 25. Qd5 Qf6 26. d4 e5 27. Rf3 Qe7 28. Bxa6 exd4 29. Re2 Ne5 30. Qxd4 bxa6 31. Rfe3 Qf6 32. Nd5 Qg7 33. g4 Be6 34. f4 Bxd5 35. Qxd5 Rb5 36. Qe6 Qf7 37. Qxd6 Qxf4 38. Qxe5+ Rxe5 0-1

[Event "Fagernes op-B"]
[Site "Fagernes"]
[Date "2023.04.05"]
[Round "4"]
[White "Spanton, Timothy"]
[Black "Stai, Sondre"]
[Result "1-0"]
[WhiteElo "1835"]
[BlackElo "1722"]
[PlyCount "71"]
[EventDate "2023.04.02"]
[EventType "swiss"]
[EventRounds "9"]
[EventCountry "NOR"]
[SourceTitle "CBM 213 Extra"]
[Source "ChessBase"]
[SourceDate "2023.05.31"]
[SourceVersion "1"]
[SourceVersionDate "2023.05.31"]
[SourceQuality "1"]

1. e4 e5 2. Nf3 Nc6 3. Bb5 Nge7 4. Nc3 Ng6 5. d4 exd4 6. Nxd4 Nxd4 7. Qxd4 c6 8. Bc4 Qb6 9. Be3 Qxd4 10. Bxd4 b5 11. Be2 Nf4 12. Bf3 Ne6 13. Be3 Bb4 14. 0-0-0 0-0 15. e5 Bxc3 16. bxc3 f6 17. exf6 Rxf6 18. Rd6 Nd8 19. Rxf6 gxf6 20. Rd1 d5 21. Rxd5 Nb7 22. Rh5 Bd7 23. Be4 Nd6 24. Bxh7+ Kg7 25. Bd3 f5 26. Bf4 Ne4 27. f3 Nxc3 28. Kb2 Nd5 29. Be5+ Kg6 30. Rh3 Re8 31. Rg3+ Kf7 32. f4 Nf6 33. Rg5 Ne4 34. Rg7+ Ke6 35. g4 Nc5 36. Bxf5+ 1-0

[Event "Trondheim CC-ch A"]
[Site "Trondheim"]
[Date "2020.02.03"]
[Round "3"]
[White "Hanssen, Johnny"]
[Black "Stai, Sondre"]
[Result "1-0"]
[WhiteElo "1804"]
[BlackElo "1659"]
[PlyCount "59"]
[EventDate "2020.01.20"]
[EventType "tourn"]
[EventRounds "9"]
[EventCountry "NOR"]
[SourceTitle "EXT 2024"]
[Source "ChessBase"]
[SourceDate "2023.10.10"]
[SourceVersion "1"]
[SourceVersionDate "2023.10.10"]
[SourceQuality "1"]

1. e4 e5 2. Nf3 Nc6 3. Bb5 Nge7 4. Nc3 g6 5. d3 Bg7 6. Be3 a6 7. Ba4 d6 8. Bg5 h6 9. Bh4 g5 10. Bg3 b5 11. Bb3 Bg4 12. a4 Nd4 13. Ba2 f5 14. exf5 Nexf5 15. Nxd4 Nxg3 16. Qxg4 exd4 17. Qe6+ Qe7 18. Qxe7+ Kxe7 19. Nd5+ Kd7 20. hxg3 Rhf8 21. axb5 axb5 22. 0-0 Rab8 23. Bb3 Rb7 24. Rfe1 Be5 25. f4 gxf4 26. gxf4 Bf6 27. Nxf6+ Rxf6 28. f5 c5 29. Bd5 Rc7 30. Ra8 1-0

[Event "Trondheim CC-ch A"]
[Site "Trondheim"]
[Date "2020.01.27"]
[Round "2"]
[White "Stai, Sondre"]
[Black "Jakobsson, Magnus"]
[Result "1/2-1/2"]
[WhiteElo "1659"]
[BlackElo "1663"]
[PlyCount "113"]
[EventDate "2020.01.20"]
[EventType "tourn"]
[EventRounds "9"]
[EventCountry "NOR"]
[SourceTitle "EXT 2024"]
[Source "ChessBase"]
[SourceDate "2023.10.10"]
[SourceVersion "1"]
[SourceVersionDate "2023.10.10"]
[SourceQuality "1"]

1. e4 e6 2. d4 d5 3. Nd2 c5 4. Ngf3 cxd4 5. Nxd4 Nc6 6. N4b3 dxe4 7. Nxe4 Qxd1+ 8. Kxd1 Bd7 9. Bd2 Be7 10. Bc3 Nf6 11. Bd3 0-0 12. Nec5 Bc8 13. Ke2 Nd5 14. Bd2 b6 15. Na6 Ne5 16. Bb5 Bd7 17. c4 Bxb5 18. cxb5 Nc4 19. Bc1 Bf6 20. Rb1 Rac8 21. Rd1 Nxb2 22. Bxb2 Bxb2 23. Rxb2 Nc3+ 24. Ke1 Nxd1 25. Kxd1 Rfd8+ 26. Rd2 Rxd2+ 27. Kxd2 Rc4 28. g3 Ra4 29. Nc1 Kf8 30. Kc3 Ra3+ 31. Kc4 Rf3 32. Nd3 e5 33. Nac5 bxc5 34. a4 e4 35. Nxc5 Rxf2 36. Nxe4 Rxh2 37. Nc3 Rg2 38. a5 Rxg3 39. b6 axb6 40. axb6 Rg6 41. Nd5 Rxb6 42. Nxb6 g5 43. Kd4 Kg7 44. Ke4 Kg6 45. Kf3 Kf5 46. Nc4 g4+ 47. Kg3 h5 48. Nd6+ Ke6 49. Nc4 Kd5 50. Nd2 Ke5 51. Nc4+ Kd4 52. Nd6 f6 53. Nf5+ Ke4 54. Ng7 f5 55. Nxh5 f4+ 56. Nxf4 Ke5 57. Kxg4 1/2-1/2

[Event "Gibraltar Amateur op-A"]
[Site "Caleta"]
[Date "2019.01.25"]
[Round "5"]
[White "Dennis, Nigel W"]
[Black "Stai, Sondre"]
[Result "0-1"]
[WhiteElo "1805"]
[BlackElo "1659"]
[PlyCount "48"]
[EventDate "2019.01.21"]
[EventType "swiss"]
[EventRounds "5"]
[EventCountry "GGB"]
[SourceTitle "CBM 188 Extra"]
[Source "ChessBase"]
[SourceDate "2019.02.26"]
[SourceVersion "1"]
[SourceVersionDate "2019.02.26"]
[SourceQuality "1"]

1. e4 c5 2. Nf3 e6 3. d4 cxd4 4. Nxd4 a6 5. c4 Nf6 6. Nc3 Bb4 7. e5 Ne4 8. Qg4 Nxc3 9. Bd2 Nxa2 10. Qxg7 Bxd2+ 11. Kxd2 Qa5+ 12. Ke3 Rf8 13. Bd3 d6 14. exd6 Qc5 15. Rxa2 e5 16. Kd2 Qxd4 17. Qf6 Nc6 18. Re1 Be6 19. Re4 Qxd6 20. g3 Qe7 21. Qxe7+ Kxe7 22. Rh4 Rad8 23. Kc3 Rxd3+ 24. Kxd3 Nb4+ 0-1

[Event "Gibraltar Amateur op-A"]
[Site "Caleta"]
[Date "2019.01.21"]
[Round "1"]
[White "Stai, Sondre"]
[Black "Lochte, Szilvia"]
[Result "1-0"]
[WhiteElo "1659"]
[BlackElo "1868"]
[PlyCount "59"]
[EventDate "2019.01.21"]
[EventType "swiss"]
[EventRounds "5"]
[EventCountry "GGB"]
[SourceTitle "CBM 188 Extra"]
[Source "ChessBase"]
[SourceDate "2019.02.26"]
[SourceVersion "1"]
[SourceVersionDate "2019.02.26"]
[SourceQuality "1"]

1. e4 c5 2. Nf3 e6 3. d4 cxd4 4. Nxd4 a6 5. Bd3 Nf6 6. Nc3 Qc7 7. 0-0 Bc5 8. Nb3 Be7 9. a4 Nc6 10. Be3 b6 11. f3 0-0 12. Qe2 d6 13. Qf2 Nd7 14. Rfd1 Nc5 15. Bf1 Bb7 16. Qg3 Rac8 17. Rd2 Nxb3 18. cxb3 Na5 19. Rad1 Nxb3 20. Bh6 Bf6 21. Rxd6 Qc5+ 22. Kh1 Qh5 23. Bf4 Qc5 24. e5 Be7 25. Bh6 g6 26. Bxf8 Kxf8 27. R6d3 Na5 28. f4 Nc4 29. Rb1 Qc6 30. Be2 1-0

[Event "Gibraltar Amateur op-A"]
[Site "Caleta"]
[Date "2017.01.23"]
[Round "1"]
[White "Ansari, Athar"]
[Black "Stai, Sondre"]
[Result "1-0"]
[WhiteElo "1887"]
[BlackElo "1676"]
[PlyCount "67"]
[EventDate "2017.01.23"]
[EventType "swiss"]
[EventRounds "5"]
[EventCountry "GGB"]
[SourceTitle "CBM 176 Extra"]
[Source "ChessBase"]
[SourceDate "2017.03.02"]
[SourceVersion "1"]
[SourceVersionDate "2017.03.02"]
[SourceQuality "1"]

1. e4 c5 2. c3 d5 3. exd5 Qxd5 4. Nf3 Nc6 5. Be2 g6 6. d4 cxd4 7. cxd4 Bg7 8. Nc3 Qd8 9. Be3 e6 10. Qb3 Nge7 11. 0-0 0-0 12. Rad1 Nd5 13. Bg5 Nxc3 14. bxc3 Qc7 15. Nd2 h6 16. Bh4 Ne7 17. Bg3 Qb6 18. Qa3 Nf5 19. Rb1 Qd8 20. Ne4 Nxg3 21. hxg3 Qc7 22. Bf3 Rd8 23. Nc5 Bf8 24. Qc1 Bxc5 25. dxc5 Kh7 26. Qf4 Qxf4 27. gxf4 Rb8 28. c6 Rf8 29. c7 Ra8 30. Bxb7 Bxb7 31. Rxb7 Rfc8 32. Rfb1 Kg7 33. Rb8 Kf6 34. Rxa8 1-0

[Event "NOR-ch Class4"]
[Site "Oslo"]
[Date "2015.07.04"]
[Round "1"]
[White "Stai, Sondre"]
[Black "Brobakken, Jorgen"]
[Result "1-0"]
[WhiteElo "1206"]
[BlackElo "1056"]
[PlyCount "81"]
[EventDate "2015.07.04"]
[EventType "swiss"]
[EventRounds "9"]
[EventCountry "NOR"]
[SourceTitle "EXT 2017"]
[Source "ChessBase"]
[SourceDate "2016.10.25"]
[SourceVersion "1"]
[SourceVersionDate "2016.10.25"]
[SourceQuality "1"]

1. e4 d5 2. exd5 Qxd5 3. Nc3 Qa5 4. d4 c6 5. Nf3 Bf5 6. Bc4 Nf6 7. 0-0 e6 8. Bd2 Qc7 9. h3 Bd6 10. a4 0-0 11. Nh4 Be4 12. Nxe4 Nxe4 13. Be3 Nd7 14. Nf3 Rad8 15. Qe2 Nef6 16. c3 Nd5 17. Bd2 N7f6 18. b4 Bf4 19. Ne5 Bxd2 20. Qxd2 Ne4 21. Qc2 Nd6 22. Bd3 f5 23. f4 Ne3 24. Qb3 Nxf1 25. Qxe6+ Kh8 26. Rxf1 Rfe8 27. Qa2 g6 28. Bc2 Re7 29. Bb3 Rde8 30. Qf2 Ne4 31. Qh4 Rg7 32. Rc1 g5 33. fxg5 Ree7 34. g6 Rxe5 35. dxe5 Rxg6 36. e6 Nd2 37. Qd4+ Rg7 38. Qxd2 f4 39. Rd1 Qb6+ 40. Qd4 Qxd4+ 41. Rxd4 1-0

[Event "Hedmark & Oppland Region-ch"]
[Site "Hamar"]
[Date "2013.04.07"]
[Round "5"]
[White "Stai, Sondre"]
[Black "Orsleie, Sivert Nikolai"]
[Result "1-0"]
[WhiteElo "1139"]
[BlackElo "602"]
[PlyCount "37"]
[EventDate "2013.04.06"]
[EventType "swiss"]
[EventRounds "5"]
[EventCountry "NOR"]
[SourceTitle "EXT 2024"]
[Source "ChessBase"]
[SourceDate "2023.10.10"]
[SourceVersion "1"]
[SourceVersionDate "2023.10.10"]
[SourceQuality "1"]

1. d4 d5 2. c4 e5 3. dxe5 Nc6 4. cxd5 Nxe5 5. e4 Nf6 6. Nc3 Bb4 7. Bg5 Qd6 8. Bxf6 Qxf6 9. Qa4+ c6 10. Qxb4 a5 11. Qb3 Ng4 12. Nf3 c5 13. Qb5+ Bd7 14. Qxc5 a4 15. Bb5 a3 16. Bxd7+ Kxd7 17. Qb5+ Kc7 18. 0-0 axb2 19. Qxb2 1-0

[Event "Hedmark & Oppland Region-ch"]
[Site "Hamar"]
[Date "2013.04.07"]
[Round "4"]
[White "Sviggum, Hallvard"]
[Black "Stai, Sondre"]
[Result "0-1"]
[WhiteElo "1200"]
[BlackElo "1139"]
[PlyCount "92"]
[EventDate "2013.04.06"]
[EventType "swiss"]
[EventRounds "5"]
[EventCountry "NOR"]
[SourceTitle "EXT 2024"]
[Source "ChessBase"]
[SourceDate "2023.10.10"]
[SourceVersion "1"]
[SourceVersionDate "2023.10.10"]
[SourceQuality "1"]

1. e4 e5 2. f4 Nc6 3. Nf3 d6 4. Bc4 Be6 5. Bb3 Nf6 6. Nc3 Bxb3 7. axb3 exf4 8. Qe2 Qe7 9. 0-0 g6 10. Qb5 Rb8 11. Rxa7 Qd7 12. Ra4 Bg7 13. d4 0-0 14. Bxf4 Qg4 15. Bg3 Nxe4 16. Nxe4 Qxe4 17. d5 Nd4 18. Nxd4 Bxd4+ 19. Kh1 Qxc2 20. Rxd4 Qxb2 21. Re4 g5 22. Bf2 b6 23. Bd4 Qc2 24. Rfe1 Rbc8 25. Qe8 Rcxe8 26. Rxe8 h6 27. R8e7 Qxb3 28. Rxc7 Qxd5 29. Bxb6 Rb8 30. Be3 Re8 31. Rc3 Qa5 32. Bd2 Rxe1+ 33. Bxe1 Qa1 34. Re3 Qd4 35. Bf2 Qd2 36. Kg1 Kh7 37. h3 Kg6 38. g4 d5 39. Re8 d4 40. Rd8 d3 41. Bd4 f5 42. Rg8+ Kf7 43. Rg7+ Ke6 44. gxf5+ Kxf5 45. Rf7+ Ke4 46. Rf2 Qxf2+ 0-1

[Event "Hamar CC-ch A"]
[Site "Hamar"]
[Date "2012.02.02"]
[Round "3"]
[White "Stai, Sondre"]
[Black "Woldstad, Trym"]
[Result "1/2-1/2"]
[WhiteElo "1097"]
[BlackElo "1439"]
[PlyCount "70"]
[EventDate "2012.01.05"]
[EventType "swiss"]
[EventRounds "9"]
[EventCountry "NOR"]
[SourceTitle "EXT 2024"]
[Source "ChessBase"]
[SourceDate "2023.10.10"]
[SourceVersion "1"]
[SourceVersionDate "2023.10.10"]
[SourceQuality "1"]

1. e4 c5 2. Nf3 d6 3. c3 Nf6 4. Be2 g6 5. Qc2 Bg7 6. d4 cxd4 7. cxd4 0-0 8. 0-0 Nc6 9. Be3 Bd7 10. Nc3 Rc8 11. d5 Ne5 12. Nxe5 dxe5 13. Bxa7 b5 14. Qd3 Qa5 15. Be3 Rc4 16. a4 Qc7 17. axb5 Rb4 18. Rfc1 Qb8 19. b6 Rxb2 20. Qa6 Bc8 21. Qa7 Qd6 22. Ba6 Bxa6 23. Rxa6 Rb8 24. b7 R2xb7 25. Qxb7 Rxb7 26. Rxd6 exd6 27. f4 Rb3 28. Kf2 Ng4+ 29. Kf3 Nxh2+ 30. Kg3 Nf1+ 31. Rxf1 Rxc3 32. Kf2 Rc4 33. fxe5 Bxe5 34. Kf3 Kg7 35. Rb1 Ra4 1/2-1/2

[Event "Hamar op A"]
[Site "Hamar"]
[Date "2011.12.01"]
[Round "7"]
[White "Stai, Sondre"]
[Black "Brobakken, Sindre"]
[Result "0-1"]
[WhiteElo "894"]
[BlackElo "1320"]
[PlyCount "126"]
[EventDate "2011.09.01"]
[EventType "swiss"]
[EventRounds "7"]
[EventCountry "NOR"]
[SourceTitle "EXT 2024"]
[Source "ChessBase"]
[SourceDate "2023.10.10"]
[SourceVersion "1"]
[SourceVersionDate "2023.10.10"]
[SourceQuality "1"]

1. d4 Nf6 2. e3 d6 3. c4 Nbd7 4. Nf3 g6 5. Nc3 Bg7 6. Bd3 0-0 7. 0-0 Re8 8. Qc2 e5 9. b4 a5 10. b5 b6 11. Bb2 Bb7 12. d5 Nc5 13. e4 Nxd3 14. Qxd3 Nh5 15. Ne2 Bc8 16. h3 f5 17. Ng3 Nxg3 18. fxg3 fxe4 19. Qxe4 Bf5 20. Qe3 e4 21. Nd4 Bd7 22. Nc6 Bxc6 23. Bxg7 Kxg7 24. bxc6 Qe7 25. h4 Rf8 26. Rf4 Rxf4 27. gxf4 Qxh4 28. Qxe4 Rf8 29. Rf1 g5 30. Qe7+ Rf7 31. Qxg5+ Qxg5 32. fxg5 Rxf1+ 33. Kxf1 Kg6 34. Kf2 Kxg5 35. Kg3 a4 36. a3 h6 37. Kf3 h5 38. Kg3 h4+ 39. Kf3 Kf5 40. Ke3 Kg4 41. Ke4 Kg3 42. Kf5 Kxg2 43. Ke6 h3 44. Kd7 h2 45. Kxc7 h1Q 46. Kxb6 Qg1+ 47. Kb7 Qc5 48. c7 Qxc4 49. c8Q Qb5+ 50. Kc7 Qc5+ 51. Kd7 Qxa3 52. Qc6 Kf3 53. Qxd6 Qxd6+ 54. Kxd6 a3 55. Ke7 a2 56. d6 a1Q 57. d7 Qe5+ 58. Kd8 Ke4 59. Kc8 Qc5+ 60. Kd8 Kf5 61. Ke8 Qe5+ 62. Kd8 Ke6 63. Kc8 Qc5+ 0-1